Енциклопедія художньої культури (Запис № 17292)

000 -Маркер запису
Контрольне поле сталої довжини 01633nam a22002537a 4500
003 - Належність контрольного номера
Контрольне поле Uzh_bibl
008 - Кодовані дані
Контрольне поле сталої довжини 260408b |||||||| |||| 00| 0 ukr d
020 ## - Індекс ISBN
ISBN 978--966--8734-23-6
Ціна 110.50
040 ## - Джерело каталогіз.
Код мови каталог. укр.
041 ## - Код мови видання
Код мови оригіналу українська
Код мови тексту українська
080 ## - Індекс УДК
Індекс УДК 030
090 ## - Шифри
Поличний індекс 030
Авторський знак Ш71
100 ## - Автор
Автор Шмагало, Ростислав
245 ## - Назва
Назва Енциклопедія художньої культури
Відповідальність Худож.ред. Ф.Богуш
Фізичний носій Текст
260 ## - Вихідні дані
Місце видання Львів
Видавництво "ЛНАМ"
Дата видання 2013
300 ## - Фізичний опис
Обсяг 520 с.
Ілл./тип відтвор. іл.
Тип одиниці В опр.
520 ## - Анотація
Анотація Енциклопедія реалізує мету фундаментальної джерельно-теоретичної бази знань з української та світової мистецької освіти від часу формування її сучасного типу до 2010 року. проаналізовано архівні джерела та фотодокументи, що фіксують функціонування мистецькоосвітніх закладів.
521 ## - Примітка про цільове призначення
Примітка про цільове призначення Для широкого кола читачів
546 ## - Примітка про мову
Примітка про мову укр.
650 ## - Тематичні рубрики
Основна рубрика Науково-довідкове видання
653 ## - Ключові слова
Ключові слова Базові наукові галузі
-- Методологія, форми, організації
-- Регіони та осередки
-- Напрями та спеціалізація
-- Словник термінів мистецької освіти та художньої культури
655 ## - Термін індексування — жанр/форма
Жанр/форма Довідкова література
Типове ділення Енциклопедія
942 ## - ADDED ENTRY ELEMENTS (KOHA)
Джерело класифікації чи схема поличного розташування
Koha item type Книги
Фонди
Статус вилучення Статус втрати/відсутності Джерело класифікації чи схема поличного розташування Статус пошкодження Тип обігу (не для випозичання) Постійне розташування Поточне розташування Розташування у відділі Дата надходження Інвентарний номер Total Checkouts Повний (примірниковий) шифр зберігання Штрих-код Date last seen Дата, для якої чинна ціна заміни Тип одиниці (рівень примірника)
          Бібліотека-філія №2 Бібліотека-філія №2 Абонемент старший відділ 08/04/2026 63899   030 19599 08/04/2026 08/04/2026 Книги

Працює на АБІС Коха